Cài đặt mạng máy tính tại nhà = Build your own PC home net work

Đã lưu trong:
Sonraí Bibleagrafaíochta
Príomhúdar: Hoàng, Thanh
Formáid: Leabhar
Teanga:Undetermined
Foilsithe: Hà Nội Thống kê 2004
Ábhair:
Clibeanna: Cuir Clib Leis
Gan Chlibeanna, Bí ar an gcéad duine leis an taifead seo a chlibeáil!
Thư viện lưu trữ: Trung tâm Học liệu Trường Đại học Cần Thơ
LEADER 00617nam a2200205Ia 4500
001 CTU_121940
008 210402s9999 xx 000 0 und d
082 |a 004.68 
082 |b Th107 
100 |a Hoàng, Thanh 
245 0 |a Cài đặt mạng máy tính tại nhà = 
245 0 |b Build your own PC home net work 
245 0 |c Hoàng Thanh ; Trương Văn Thiện 
260 |a Hà Nội 
260 |b Thống kê 
260 |c 2004 
650 |a Home computer networks.,Internet 
650 |x Computer network 
904 |i Minh 
980 |a Trung tâm Học liệu Trường Đại học Cần Thơ